Štatutárny audit

Zákon č. 423/2015 Z.z. o štatutárnom audite a o zmene a doplnení zákona č. 431/2002 Z.z. o účtovníctve v znení neskorších predpisov. Zákon nadobudol účinnosť dňa 17.6.2016. Zmeny sa týkajú predovšetkým subjektov verejného záujmu, rozšírenia ich povinností, vnútornej organizácie a zvýšenia nezávislos...

Descrizione completa

Salvato in:
Dettagli Bibliografici
Autore principale: Cvečková, Mária
Natura: Capitolo di libro
Lingua:slovacco
Soggetti:
Tags: Aggiungi Tag
Nessun Tag, puoi essere il primo ad aggiungerne!!

MARC

LEADER 00000naa a2200000 4500
001 0220521
005 20231114104738.7
041 0 |a slo 
044 |a SK 
245 1 0 |a Štatutárny audit  |c Mária Cvečková 
520 |a Zákon č. 423/2015 Z.z. o štatutárnom audite a o zmene a doplnení zákona č. 431/2002 Z.z. o účtovníctve v znení neskorších predpisov. Zákon nadobudol účinnosť dňa 17.6.2016. Zmeny sa týkajú predovšetkým subjektov verejného záujmu, rozšírenia ich povinností, vnútornej organizácie a zvýšenia nezávislosti štatutárnych audítorov a audítorských spoločností. Zabezpečenia systému vnútornej kontroly štatutárnych audítorov a audítorských spoločností. 
610 2 0 |a audit 
610 2 0 |a audítori 
610 2 0 |a spoločnosti 
610 2 0 |a zákony 
610 2 0 |a komentáre 
610 2 0 |a Slovensko 
100 1 |a Cvečková, Mária